| 000 | 00810nam a2200169 i 4500 | ||
|---|---|---|---|
| 001 | 154656 | ||
| 003 | ES-MaACL | ||
| 005 | 20230906205818.0 | ||
| 008 | 991019s1896 cu |||| | spa d | ||
| 040 |
_aM-RAF _bspa _cM-RAF _dCCPB | B |
||
| 100 | 1 |
_aGordon y de Acosta, Antonio de. _9127475 |
|
| 245 | 1 | 0 |
_aDiscurso leido el dia 19 de Mayo de 1896 en la sesión solemne conmemorativa de la fundación de la Real Academia de Ciencias Médicas, Físicas y Naturales de La Habana / _cAntonio de Gordon y de Acosta. |
| 260 |
_aLa Habana : _b[s.n.], _c1896 ( _fImprenta El Figaro) |
||
| 300 |
_a36 p. ; _c25 cm. |
||
| 710 | 2 |
_aReal Academia de Ciencias Médicas, Físicas y Naturales de La Habana. _9134781 |
|
| 852 |
_aES-MaACL _jT-833-F-6 _z-- Enc. hol., conservando la cub. original _z-- Enc. en un vol. facticio |
||
| 999 |
_c154656 _d154656 |
||